| 000 | 00333nam a22001337a 4500 | ||
|---|---|---|---|
| 008 | 251118b |||||||| |||| 00| 0 eng d | ||
| 020 | _a0471856096 | ||
| 050 |
_aGB54.5 _b.S8 |
||
| 100 | _aStrahler,Arthur N. | ||
| 245 | _aModern Physical geography | ||
| 260 |
_aCanada _bJjohn wiley And Sons _c1987 |
||
| 300 | _aix,544p. | ||
| 942 | _cBK | ||
| 999 |
_c4510 _d4510 |
||